Der Weg zum Rio Grande : zwei Erzahlungen.

Saved in:
Bibliographic Details
Main Author: Uhse, Bodo, 1904-1963
Format: Book
Language:English
Published: Leipzig : Insel-Verlag, 1964.
Series:Insel-Bucherei ; Nr. 485
LEADER 00703nam a2200193 i 4500
001 c000027751
003 CARM
005 00000000000000.0
008 850424s1964 gw 0 eng d
019 1 |a 9252747  |5 LACONCORD2021 
035 |a (OCoLC)63017811  |5 LACONCORD2021 
100 1 |a Uhse, Bodo,  |d 1904-1963. 
245 1 0 |a Der Weg zum Rio Grande :  |b zwei Erzahlungen. 
260 |a Leipzig :  |b Insel-Verlag,  |c 1964. 
300 |a 65 p. 
490 0 |a Insel-Bucherei ;  |v Nr. 485 
852 8 |b CARM  |h A2:AE32G0  |i A00283  |p 0050371  |f BK 
999 f f |i ec670c1d-b307-5ef5-9f03-dba0bd558aa1  |s d599a51f-b4f1-506e-99e4-176098fa99c5 
952 f f |p Can circulate  |a CAVAL  |b CAVAL  |c CAVAL  |d CARM 1 Store  |e A00283  |f A2:AE32G0  |h Other scheme  |i book  |m 0050371